Function algebras : proceedings of an International Symposium on Function Algebras held at Tulane University, 1965 /
Guardado en:
| Autores Corporativos: | , , , |
|---|---|
| Otros Autores: | |
| Formato: | Libro |
| Idioma: | English |
| Publicado: |
Glenview, Ill. :
Scott, Foresman,
c1966.
|
| Materias: | |
| Etiquetas: |
Agregar Etiqueta
Sin Etiquetas, Sea el primero en etiquetar este registro!
|
| LEADER | 01133nam a22002535a 4500 | ||
|---|---|---|---|
| 001 | MAT.inmabb005213 | ||
| 008 | 840130s1966####ilu######b####100#0#eng## | ||
| 005 | 20170822142704.0 | ||
| 245 | 1 | 0 | |a Function algebras : |b proceedings of an International Symposium on Function Algebras held at Tulane University, 1965 / |c edited by Frank T. Birtel. |
| 260 | |a Glenview, Ill. : |b Scott, Foresman, |c c1966. | ||
| 300 | |a ix, 357 p. ; |c 24 cm. | ||
| 500 | |a "Held at Tulane University during April 19-24, 1965, under the joint sponsorship of the National Science Foundation and the Office of Naval Research."--Preface. | ||
| 504 | |a Incluye referencias bibliográficas. | ||
| 510 | 4 | |a MR, |c 33 #1691 | |
| 111 | 2 | |a International Symposium on Function Algebras |d (1965 : |c New Orleans, La.) | |
| 700 | 1 | |a Birtel, Frank T., |d 1932- |4 edt | |
| 710 | 2 | |a National Science Foundation (U.S.) | |
| 710 | 1 | |a United States. |b Office of Naval Research. | |
| 710 | 2 | |a Tulane University. | |
| 650 | 0 | |a Function algebras |x Congresses. | |
| 084 | |a 46.00 (46.55) |2 MR | ||
| 010 | |a 66016649 | ||
| 040 | |a DLC/ICU |c ICU |d DLC | ||
| 859 | |h 46 |i In61-1965 |p A-2307 |b BIB. MATEMATICA | ||
